|
|
|
|
| LEADER |
00713nab a2200205 i 4500 |
| 001 |
acta28752 |
| 005 |
20210222081335.0 |
| 008 |
161017s2006 hu o 0|| hun d |
| 022 |
|
|
|a 1219-0608
|
| 040 |
|
|
|a SZTE Egyetemi Kiadványok Repozitórium
|b hun
|
| 041 |
|
|
|a hun
|
| 100 |
1 |
|
|a Széchy József
|
| 245 |
1 |
0 |
|a "Föld-víz-levegő" projekt az ötödik és az első évfolyamokon
|h [elektronikus dokumentum] /
|c Széchy József
|
| 260 |
|
|
|c 2006
|
| 300 |
|
|
|a 23-24
|
| 490 |
0 |
|
|a Módszertani közlemények
|v 46 No. 1
|
| 695 |
|
|
|a Neveléstudomány
|
| 700 |
0 |
1 |
|a Ungvári Istvánné
|e aut
|
| 700 |
0 |
1 |
|a Tar Gáborné
|e aut
|
| 856 |
4 |
0 |
|u http://acta.bibl.u-szeged.hu/28752/1/modszertani_046_001_023-024.pdf
|z Dokumentum-elérés
|